000 00653nam a2200289Ia 4500
005 20260324133059.0
008 008 260324s9999 xx 000 0 eng d
020 _a9781315634661
037 _aEBOOK
040 _aCRL
040 _beng
040 _cCRL
041 _2eng
041 _aeng
084 _qCRL
100 _aAlex Liazos
_91191718
245 0 _aFamilies
245 0 _bJoys, Conflicts, and Changes
260 _bTaylor and Francis
260 _c2004
365 _a
365 _b255
856 _uhttp://www.taylorfrancis.com/books/9781315634661
942 _cEBOOK
999 _c1790442
_d1790442